UNESCO World Heritage Site India 🇮🇳 - Statistics

General Stats
  • This quiz has been taken 43 times
  • The average score is 10 of 43
Answer Stats
States Year Listed Answer % Correct
1983 Taj Mahal
84%
2007 Red Fort
75%
Maharashtra 1983 Ajanta Caves
53%
1983 Ellora Caves
47%
Uttar Pradesh 1983 Agra Fort
44%
1993 Qutub Minar
44%
1987 Elephanta Caves
38%
Gujarat 2004 Champaner - Pavagadh AP
34%
1985 Kaziranga NP
34%
Karnataka 1986 Group Monuments of Hampi
31%
WB, TN, Himachal Pradesh 1989 Mountain Railways of India
31%
2010 Jantar Mantar, Jaipur
28%
Odisha 1984 Sun Temple, Konark
28%
Maharashtra, Karnataka, Kerala, Tamilnadu 2012 Western Ghats
28%
2004 Chhatrapati Shivaji Terminus ( formerly Victoria Terminus)
22%
1987 Great Living Chola Temples
22%
Delhi 1993 Humayun's Tomb
22%
2019 Jaipur City
22%
Bihar 2002 Mahabodhi Temple Complex
22%
Assam 1985 Manas WS
22%
2016 Nalanda
22%
2014 Rani Ki Vav
22%
1989 Buddhist Monuments at Sanchi
19%
Tamil Nadu 1984 Group of Monuments at Mahabalipuram
19%
2018 Victorian Gothic and Art Deco Ensembles of Mumbai
19%
Chandigarh 2016 Chandigarh
16%
Goa 1986 Churches and Convents of Goa
16%
1986 Fatehpur Sikri
16%
1987 Group Monuments of Pattadakal
16%
2017 Historic City of Ahmedabad
16%
2003 Rock Shelters of Bhimbetka
16%
Telangana 2021 Kakatiya Rudreshwara ( Ramappa) Temple
13%
Madhya Pradesh 1986 Khajuraho Group of Monuments
13%
2021 Dholavira
9%
2013 Hill Forts of Rajasthan
9%
2024 Moidams
9%
West Bengal 1987 Sundarbans NP
9%
Himachal Pradesh 2014 Great Himalayan NP
6%
Rajasthan 1985 Keoladeo NP
6%
Sikkim 2016 Khangchendzonga NP
6%
2023 Santiniketan
3%
Uttarakhand 1988 Nanda Devi And Valley of Flowers NP
0%
2023 Sacred Ensembles of the Hoyasalas
0%
No matching quizzes found
Score Distribution
Percent of People with Each Score
Percentile by Number Answered
Your Score History
You have not taken this quiz